Fire, static, and dynamic tests of building structures : (Record no. 548955)
[ view plain ]
| 000 -LEADER | |
|---|---|
| fixed length control field | 00879cam a2200217 a 4500 |
| 020 ## - INTERNATIONAL STANDARD BOOK NUMBER | |
| International Standard Book Number | 0419216804 |
| 082 00 - DEWEY DECIMAL CLASSIFICATION NUMBER | |
| Classification number | 693.8 |
| Author Mark | FIR |
| -- | L-NUST, P-05 |
| 245 10 - TITLE STATEMENT | |
| Title | Fire, static, and dynamic tests of building structures : |
| Remainder of title | proceedings of the Second Cardington Conference, Cardington, England, 12-14 March 1996 / |
| Statement of responsibility, etc. | edited by G.S.T. Armer and T. O'Dell. |
| 250 ## - EDITION STATEMENT | |
| Edition statement | 1st ed. |
| 260 ## - PUBLICATION, DISTRIBUTION, ETC. | |
| Place of publication, distribution, etc. | London ; |
| -- | New York : |
| Name of publisher, distributor, etc. | E & FN Spon, |
| Date of publication, distribution, etc. | 1997. |
| 300 ## - PHYSICAL DESCRIPTION | |
| Extent | vi, 286 p. : |
| Other physical details | ill. ; |
| Dimensions | 24 cm. |
| 526 ## - STUDY PROGRAM INFORMATION NOTE | |
| Program name | 0 |
| Interest level | 0 |
| Reading level | 0 |
| Title point value | 693_800000000000000_FIR |
| 650 #0 - SUBJECT ADDED ENTRY--TOPICAL TERM | |
| Topical term or geographic name entry element | Buildings |
| General subdivision | Testing |
| -- | Congresses. |
| 9 (RLIN) | 45431 |
| 650 #0 - SUBJECT ADDED ENTRY--TOPICAL TERM | |
| Topical term or geographic name entry element | Fire testing |
| General subdivision | Congresses. |
| 9 (RLIN) | 45432 |
| 650 #0 - SUBJECT ADDED ENTRY--TOPICAL TERM | |
| Topical term or geographic name entry element | NUST |
| 9 (RLIN) | 6342 |
| 650 #0 - SUBJECT ADDED ENTRY--TOPICAL TERM | |
| Topical term or geographic name entry element | Structural analysis (Engineering) |
| General subdivision | Congresses. |
| 9 (RLIN) | 45433 |
| 700 1# - ADDED ENTRY--PERSONAL NAME | |
| Personal name | Armer, G. S. T. |
| 9 (RLIN) | 45434 |
| 700 1# - ADDED ENTRY--PERSONAL NAME | |
| Personal name | O'Dell, T. |
| 9 (RLIN) | 45435 |
| 856 42 - ELECTRONIC LOCATION AND ACCESS | |
| Uniform Resource Identifier | <a href="http://www.loc.gov/catdir/enhancements/fy0651/97132428-d.html">http://www.loc.gov/catdir/enhancements/fy0651/97132428-d.html</a> |
| 942 ## - ADDED ENTRY ELEMENTS (KOHA) | |
| Source of classification or shelving scheme | |
| Koha item type | Book |
| Withdrawn status | Lost status | Source of classification or shelving scheme | Damaged status | Not for loan | Permanent Location | Current Location | Date acquired | Total Checkouts | Full call number | Barcode | Date last seen | Price effective from | Koha item type |
|---|---|---|---|---|---|---|---|---|---|---|---|---|---|
| Military College of Engineering (MCE) | Military College of Engineering (MCE) | 09/11/2014 | 693.8 FIR | MCE-43844 | 09/11/2014 | 09/11/2014 | Book |
